Perkembangan literasi : (Record no. 123038)

MARC details
000 -LEADER
fixed length control field 00772nam a2200241 i 4500
001 - CONTROL NUMBER
control field C2-0322802
003 - CONTROL NUMBER IDENTIFIER
control field PPAK
005 - DATE AND TIME OF LATEST TRANSACTION
control field 20180728121610.0
008 - FIXED-LENGTH DATA ELEMENTS--GENERAL INFORMATION
fixed length control field 130915s2013 my a|||| ||||| | may d
020 ## - INTERNATIONAL STANDARD BOOK NUMBER
International Standard Book Number 9789670223728
040 ## - CATALOGING SOURCE
Original cataloging agency PPAK
Language of cataloging eng
Transcribing agency PPAK
Description conventions rda
082 04 - DEWEY DECIMAL CLASSIFICATION NUMBER
Classification number 372.21
Edition number 23
090 00 - LOCALLY ASSIGNED LC-TYPE CALL NUMBER (OCLC); LOCAL CALL NUMBER (RLIN)
Classification number (OCLC) (R) ; Classification number, CALL (RLIN) (NR) 372.21
Feature heading KAM
Feature heading G
100 0# - MAIN ENTRY--PERSONAL NAME
Personal name Kamisah Buang,
Relator term author
245 10 - TITLE STATEMENT
Title Perkembangan literasi :
Remainder of title tinjauan prestasi kanak-kanak & perspektif kajian
264 #1 - PRODUCTION, PUBLICATION, DISTRIBUTION, MANUFACTURE, AND COPYRIGHT NOTICE
Place of production, publication, distribution, manufacture Klang, Selangor :
Name of producer, publisher, distributor, manufacturer Pustaka Fitri ,
Date of production, publication, distribution, manufacture, or copyright notice 2013
300 ## - PHYSICAL DESCRIPTION
Extent iii, 245 pages :
Other physical details colour illustrations ;
Dimensions 21 cm
336 ## - CONTENT TYPE
Source rdacontent
Content type term text
337 ## - MEDIA TYPE
Source rdamedia
Media type term unmediated
338 ## - CARRIER TYPE
Source rdacarrier
Carrier type term volume
650 10 - SUBJECT ADDED ENTRY--TOPICAL TERM
Topical term or geographic name entry element Early childhood education - Psychological. ; Education innovations.
942 ## - ADDED ENTRY ELEMENTS (KOHA)
-- dc
Koha item type Book
Holdings
Withdrawn Not for loan Current library Shelving location Date acquired Total Checkouts Total Renewals Full call number Barcode Date last seen Date last checked out Koha item type
    Perpustakaan Alor Setar Pinjaman Dewasa 23/09/2013 9 5 372.21 KAM A01416288 28/12/2024 21/11/2024 Book
    Perpustakaan Alor Setar Pinjaman Dewasa 23/09/2013 7 3 372.21 KAM A01416289 04/12/2021 20/11/2021 Book
    Perpustakaan Awam Sungai Petani Pinjaman Dewasa 23/09/2013 6   372.21 KAM A01416290 19/11/2025 28/10/2025 Book
    Perpustakaan Baling Pinjaman Dewasa 23/09/2013 1   372.21 KAM A01416293 28/11/2020 03/10/2020 Book
    Perpustakaan Jitra Pinjaman Dewasa 23/09/2013 1   372.21 KAM A01416291 08/01/2020 22/12/2019 Book
    Perpustakaan Merbok Pinjaman Dewasa 23/09/2013     372.21 KAM A01416294 09/05/2018   Book